[Event "Your Next Move GCT 2018-Blitz"]
[Site "Leuven"]
[Date "2018.06.16"]
[Round "14"]
[White "Giri, Anish"]
[Black "So, Wesley"]
[Result "0-1"]
[WhiteElo "2799"]
[BlackElo "2856"]
[Annotator "TA"]
[PlyCount "142"]
[EventDate "2018.06.16"]
[EventType "tourn"]
[EventCountry "BEL"]
[SourceTitle "playchess.com"]
[Source "ChessBase"]
[SourceQuality "1"]

{[%evp 15,142,-8,0,-16,-16,-16,-16,-31,-25,-38,-32,-28,-22,-41,-3,-40,-36,-42,-45,-47,-41,-69,-26,-26,-8,-26,0,-11,1,0,0,-3,0,-80,-73,-63,-10,-16,-22,-43,-53,-109,-4,0,-8,-8,0,0,0,0,0,0,0,0,0,0,0,-36,-36,-36,-36,-36,-36,-36,-36,-36,-36,-36,-36,-36,0,-36,-36,-36,-36,-36,-36,-50,0,0,0,-51,-58,-162,-151,-180,-180,-208,-175,-160,0,-207,-187,-1012,-974,-1435,-1330,-1944,-1935,-1866,-1788,-1629,-1502,-1442,-1381,-1347,-1307,-928,-785,-5816,-662,-6525,-5197,-29975,-29976,-29976,-29977,-29978,-29978,-29979,-29979,-29980,-29978,-29980,-29981,-29982,-29980,-29980,-29978]} 1. e4 e6 2. d4 d5 3. Nc3 Bb4 4. e5 c5 5. a3 {[%cal Ba2a3,Ba3a4,Ba4a5][%mdl 32]} Bxc3+ 6. bxc3 Ne7 7. a4 h6 8. Nf3 Qc7 {LiveBook: 82 Games} 9. Qd2 {C19: French: 3 Nc3 Bb4: Main line: 7 Nf3 and 7 a4} (9. Bb5+ Bd7 10. Bd3 c4 11. Be2 a5 12. Ba3 Nc8 13. Nh4 Bxa4 14. g4 Bd7 15. f4 b5 16. O-O Qd8 {1-0 (26) Oparin,G (2616)-Morozevich,A (2676) Moscow 2016}) 9... O-O $146 ({Predecessor:} 9... b6 10. Ba3 Ba6 11. Bxa6 Nxa6 12. O-O O-O 13. Qe2 Nb8 14. Nh4 Nd7 15. f4 f5 16. Kh1 Rf7 {½-½ (35) Strnad,J (1980)-Pick,S (2105) Klatovy 2017}) 10. Bd3 b6 11. a5 {The position is equal.} Ba6 12. O-O Bxd3 13. cxd3 {White wants to play axb6.} Nd7 14. h4 Nc6 15. axb6 axb6 16. Rb1 Ra4 {[%cal Rc5d4]} 17. Qf4 Ne7 18. Bd2 Qc6 19. h5 Rfa8 20. Rfc1 Ra2 21. Be3 Qa4 22. Nh4 Rc2 23. Qg3 Kf8 24. dxc5 (24. f4 $11 {keeps the balance.}) 24... Rxc1+ 25. Rxc1 bxc5 ({Black should play} 25... Nxc5 $15 26. d4 Nb3) 26. d4 $11 Rc8 27. Rb1 Qc2 28. Rb7 (28. Rc1 $15 Qd3 29. Bf4) 28... cxd4 (28... Rd8 $1 $17 {next ...Qd1+ is good for Black.} 29. Kh2 (29. dxc5 Qd1+ 30. Kh2 Qxh5 $17) 29... Qxc3) 29. cxd4 ({Much worse is} 29. Bxd4 Qd1+ 30. Kh2 Qxh5 $17) 29... Qd1+ 30. Kh2 $132 {[%mdl 2048] White is not keeping still} Qxh5 {Strongly threatening ...Nxe5!} 31. Qh3 $1 {Black must now prevent g4.} ({Don't blunder} 31. Rxd7 $2 Nf5 $17) 31... g5 {aiming for ...g4.} 32. g4 $1 {[%cal Rg4h5]} Qxh4 33. Qxh4 gxh4 34. Rxd7 {[%mdl 4096] Endgame KRB-KRN} h5 35. gxh5 Nf5 36. h6 Kg8 37. Kh3 Rf8 38. Kg4 Kh7 39. Ra7 Kg6 40. Ra1 Rc8 41. Ra7 Rg8 42. Ra1 Kh7+ 43. Kh3 Rb8 44. Ra7 Kg6 45. Kg4 Rb1 46. Kh3 Rh1+ 47. Kg2 Rb1 (47... Re1 $11) 48. Kh3 $1 $15 Rb3 49. h7 {[#]} ({Only move:} 49. Kg4 $15) 49... Rb8 $1 $19 ({Don't play} 49... Kxh7 50. Rxf7+ Kg6 51. Rf8 $11) 50. Ra1 Kxh7 51. Rg1 Rg8 52. Ra1 Rb8 53. Rg1 $1 {[#]} Rb3 $1 54. Kg4 $2 (54. Rg4) 54... Nxe3+ 55. fxe3 Rxe3 56. Kxh4 {KR-KR} Re4+ 57. Kg5 Rxd4 58. Kf6 Rf4+ 59. Ke7 Rf5 60. Kd6 Kh6 61. Ke7 Kh5 62. Rg8 Kh4 (62... Rxe5 $142 63. Kxf7 d4) 63. Rg7 Rxe5 64. Kxf7 d4 {[%cal Bd5d4,Bd4d3][%mdl 32] Black mates.} 65. Kf6 Re3 66. Rg1 e5 67. Kf5 Kh3 68. Rg6 Kh2 69. Rg4 d3 70. Rg6 e4 71. Rd6 Kg3 {Precision: White = 32%, Black = 64%.} 0-1

[Event "Your Next Move GCT 2018-Blitz"]
[Site "Leuven"]
[Date "2018.06.16"]
[Round "15"]
[White "So, Wesley"]
[Black "Vachier-Lagrave, Maxime"]
[Result "1/2-1/2"]
[WhiteElo "2856"]
[BlackElo "2837"]
[Annotator "TA"]
[PlyCount "65"]
[EventDate "2018.06.16"]
[EventType "tourn"]
[EventCountry "BEL"]
[SourceTitle "playchess.com"]
[Source "ChessBase"]
[SourceQuality "1"]

{[%evp 17,65,18,18,11,18,22,14,3,6,3,4,4,4,9,11,8,4,10,6,0,4,4,4,6,8,8,10,10,10,10,20,20,20,12,14,0,0,0,0,1,1,0,0,0,0,0,0,0,0,0]} 1. Nf3 c5 2. c4 Nc6 3. Nc3 e5 4. e3 Nf6 5. Be2 d5 6. d4 exd4 7. exd4 cxd4 8. Nxd4 {A34: Englische Eröffnung (Symmetrische Variante)} dxc4 9. Nxc6 Qxd1+ {LiveBook: 22 Partien. Die Stellung ist ausgeglichen.} 10. Kxd1 {[#] Und Lf3 würde nun gewinnen.} (10. Nxd1 bxc6 11. Bxc4 Bd6 12. O-O O-O 13. b3 Rd8 14. Bg5 h6 15. Bh4 Bf5 {1-0 (55) Andreikin,D (2712)-Grischuk,A (2772) Huaian 2017}) 10... bxc6 11. Bxc4 Bg4+ 12. Kc2 Bf5+ 13. Bd3 Bxd3+ 14. Kxd3 O-O-O+ 15. Kc2 Bc5 16. f3 $146 Nd5 17. Nxd5 Rxd5 18. Bd2 Rhd8 19. Bc3 Bd4 20. Bxd4 Rxd4 $11 {[%mdl 4096] Endspiel KTT-KTT} 21. Rad1 Kc7 22. Rxd4 Rxd4 {KT-KT} 23. Re1 Kd7 24. Re5 Ra4 25. a3 g6 26. g3 Kd6 27. Re8 Ra5 28. Rd8+ Ke6 29. Rd4 Rf5 30. Rd3 h5 31. Rc3 Kd6 32. Rd3+ Ke6 33. Rc3 {Precision: Weiß = 61%, Schwarz = 83%.} 1/2-1/2

[Event "Your Next Move GCT 2018-Blitz"]
[Site "Leuven"]
[Date "2018.06.16"]
[Round "15"]
[White "Anand, Viswanathan"]
[Black "Nakamura, Hikaru"]
[Result "0-1"]
[WhiteElo "2817"]
[BlackElo "2878"]
[Annotator "TA"]
[PlyCount "98"]
[EventDate "2018.06.16"]
[EventType "tourn"]
[EventCountry "BEL"]
[SourceTitle "playchess.com"]
[Source "ChessBase"]
[SourceQuality "1"]

{[%evp 20,98,67,72,68,15,40,39,64,72,92,27,35,14,14,8,41,0,18,54,39,50,33,27,0,0,0,-29,-20,-184,107,-14,46,-245,782,775,770,778,744,739,634,610,866,881,876,879,797,435,408,0,770,0,387,400,389,358,380,-8,-11,-452,-398,-588,-625,-771,-784,-759,-758,-730,-672,-695,-677,-2148,-1877,-12837,-12837,-12836,-12835,-12839,-12839,-12839,-12838]} 1. e4 d6 2. d4 g6 3. Nc3 Bg7 4. f4 a6 5. Nf3 b5 6. Bd3 Nd7 7. a4 {B06: Modern Defence} (7. e5 c5 8. Be4 Rb8 9. Be3 b4 10. Ne2 Nh6 11. dxc5 Nxc5 12. Bxc5 dxc5 13. Bc6+ Bd7 14. Qd5 Rc8 15. Bxd7+ Qxd7 16. Qxd7+ Kxd7 {1-0 (41) Yu,Y (2760)-Adhiban,B (2655) chess.com INT 2018}) 7... b4 8. Ne2 c5 9. c3 Bb7 10. O-O Ngf6 {[%cal Bg8f6,Bf6d5,Bd5b4][%mdl 32]} 11. e5 {LiveBook: 4 Games} Nd5 12. Bd2 $146 (12. Ng5 $14 Bh6 13. e6 fxe6 14. Nxh7 $1 {[%mdl 512]} (14. Nxe6 Qc8 $16)) ({Predecessor:} 12. e6 fxe6 13. Ng5 Nf8 14. Qc2 cxd4 {0-1 (33) Baltic,F (2210)-Miroshnichenko,P (2294) Warsaw 2017}) 12... bxc3 13. bxc3 cxd4 14. cxd4 O-O 15. Ng3 (15. Ng5 $16) 15... a5 16. Kh1 Nb4 17. Be4 d5 18. Bb1 $1 Ba6 19. Re1 e6 20. f5 exf5 21. Nxf5 gxf5 22. Bxf5 h6 $1 {With the idea ...Bc8.} 23. Ra3 Bc8 {And now ...Nb6 would win.} 24. Ng5 $2 (24. Bb1 $11 {and White stays safe.}) 24... Nb6 $2 (24... hxg5 $19 25. Qh5 Nf6 26. exf6 Bxf5 27. fxg7 Kxg7) 25. Bh7+ (25. Qg4 $16) 25... Kh8 $14 {...Nc4 is the strong threat.} 26. Qh5 $2 {[%mdl 8192]} (26. Bb1 $1 $14 Ra7 27. Rg3) 26... f6 $4 {[%mdl 8192]} (26... Nc4 $19 27. Rg3 Nxd2 28. Nxf7+ Rxf7 29. Qxf7 Qf8 30. Qxf8+ Bxf8 31. Rg8+ Kxh7 32. Rxf8 Kg7) 27. exf6 $18 Qxf6 28. Rf3 Bg4 29. Qxg4 Qxd4 30. Nf7+ Kxh7 31. Qf5+ Kg8 32. Nxh6+ Kh8 33. Nf7+ Kg8 ({And not} 33... Rxf7 34. Qh5+ Bh6 35. Rxf7 Qxd2 36. Rh7+ $1 {[%mdl 512]} Kxh7 37. Re7+ Kh8 38. Qe5+ Kg8 39. Qe6+ Kh8 40. Qf6+ Kg8 41. Qg6+ Kh8 42. Qh7#) 34. Nh6+ (34. Bc3 $142 Qxc3 35. Rxc3 Rxf7 36. Qg6) 34... Kh8 35. Nf7+ Kg8 $1 ({Inferior is} 35... Rxf7 36. Qh5+ Bh6 37. Rxf7 Qxd2 {[#]} 38. Rh7+ $1 {[%mdl 512]} Kxh7 39. Re7+ Kh8 40. Qe5+ Kg8 41. Qe6+ Kh8 42. Qf6+ Kg8 43. Qg6+ Kh8 44. Qh7#) 36. Bc3 Qxc3 37. Rxc3 Rxf7 38. Qe6 $2 ({Better is} 38. Qg5 $18 Nd7 39. Rf3) 38... Bxc3 $11 39. Rf1 $2 {[%mdl 8192]} (39. Qg6+ $1 $11 {and White is okay.} Bg7 40. Qxb6) 39... Raf8 40. g4 (40. Rf3 {was called for.} Nxa4 41. Rxf7 Rxf7 42. h4) 40... Nd7 $19 {Black is clearly winning.} 41. g5 Nc5 $1 {[%csl LRa4,LRe6]} 42. Qg6+ Bg7 43. Rxf7 Rxf7 44. h4 Nbd3 45. h5 Nf4 46. Qc6 Ne4 47. h6 Bf8 48. g6 Rf6 49. h7+ Kh8 {Precision: White = 40%, Black = 54%.} 0-1

[Event "Your Next Move GCT 2018-Blitz"]
[Site "Leuven"]
[Date "2018.06.16"]
[Round "15"]
[White "Karjakin, Sergey"]
[Black "Giri, Anish"]
[Result "1-0"]
[WhiteElo "2816"]
[BlackElo "2799"]
[Annotator "TA"]
[PlyCount "53"]
[EventDate "2018.06.16"]
[EventType "tourn"]
[EventCountry "BEL"]
[SourceTitle "playchess.com"]
[Source "ChessBase"]
[SourceQuality "1"]

{[%evp 9,53,0,0,-6,0,0,0,0,-2,0,0,-4,0,8,30,30,30,25,26,30,33,30,46,43,34,29,33,30,159,157,250,247,252,249,243,16,439,430,624,608,865,865,845,830,3420,2900]} 1. b3 e5 2. Bb2 Nc6 3. e3 Nf6 4. Bb5 Bd6 5. Na3 e4 6. Nc4 {A01: Nimzowitsch-Larsen Opening} Be7 7. Bxc6 bxc6 8. Ne2 {The position is equal.} a5 $146 ({Predecessor:} 8... O-O 9. O-O a5 10. d3 a4 11. Ng3 d5 12. Ne5 Qe8 13. dxe4 Nxe4 {½-½ (30) Rapport,R (2702)-Karjakin,S (2785) Wijk aan Zee 2017}) 9. O-O a4 10. d3 exd3 11. cxd3 axb3 (11... O-O {looks sharper.} 12. bxa4 c5 13. Rc1 Re8 14. Nf4 d5) 12. axb3 Rxa1 13. Qxa1 O-O 14. e4 c5 15. Ng3 d6 16. Ne3 g6 17. f4 {[%cal Bf2f4,Bf4f5][%mdl 32]} d5 18. f5 {e5 is the strong threat.} dxe4 (18... d4 $1 $11 19. Nc4 Nd7) 19. dxe4 $16 {[%cal Bd3e4,Be4d5,Bd5d6][%mdl 32]} Qd3 (19... c4 $16) 20. Rf3 $18 ({Stronger than} 20. Bxf6 Bxf6 21. Qxf6 Qxe3+ 22. Kh1 Bd7 $11) 20... Qa6 21. Qc1 Bb7 {[#] intending ...Rd8.} 22. Qc3 $2 (22. Nc4 $1 $18) 22... h5 $2 {[%mdl 8192] [#]} (22... Rd8 $1 $11 {and Black stays safe.}) 23. Nd5 $1 {[%mdl 512] White is clearly winning.} Bxd5 (23... Bd8 $142 24. Nxf6+ Qxf6 25. Qxf6 Bxf6) 24. exd5 Qb6 {[#]} 25. Ne4 $1 {[%mdl 512]} c4+ (25... Nxe4 26. Qh8#) 26. Kf1 Kg7 27. d6 {Precision: White = 71%, Black = 40%.} 1-0

[Event "Your Next Move GCT 2018-Blitz"]
[Site "Leuven"]
[Date "2018.06.16"]
[Round "15"]
[White "Aronian, Levon"]
[Black "Grischuk, Alexander"]
[Result "1-0"]
[WhiteElo "2809"]
[BlackElo "2831"]
[Annotator "TA"]
[PlyCount "99"]
[EventDate "2018.06.16"]
[EventType "tourn"]
[EventCountry "BEL"]
[SourceTitle "playchess.com"]
[Source "ChessBase"]
[SourceQuality "1"]

{[%evp 27,99,0,57,0,12,0,0,0,0,0,0,0,0,0,0,0,0,0,0,0,91,107,237,22,32,31,28,2,6,0,0,0,0,0,0,0,0,0,0,0,0,0,0,0,78,78,186,91,154,71,176,0,151,77,171,171,169,164,197,202,202,202,202,202,377,377,362,362,29970,29971,29954,12847,12847,10111]} 1. e4 c5 2. Nc3 d6 3. Nge2 Nc6 4. d4 cxd4 5. Nxd4 Nf6 6. Bc4 e6 7. Be3 Be7 8. Qe2 a6 9. O-O-O Qc7 10. Bb3 O-O 11. g4 Nxd4 12. Rxd4 b5 13. g5 Nd7 14. Rg1 Re8 {LiveBook: 5 Games. B89: Sicilian: Velimirovic Attack} ({Black should try} 14... Nc5 $11) (14... Nc5 15. e5 d5 16. Kb1 Nxb3 17. axb3 Qxe5 18. Qd3 g6 19. Rh4 Bb7 20. Bd4 Qf5 21. Qg3 e5 22. Bxe5 Bxg5 23. Qxg5 Qxg5 24. Rxg5 {1-0 (57) Dgebuadze,A (2544)-Boensch,U (2530) Germany 2012}) 15. Rg3 (15. f4 $14) 15... Bb7 16. Rh3 g6 {The position is equal.} 17. f4 Nc5 18. f5 $146 ({Predecessor:} 18. Qg4 Nxb3+ 19. axb3 f5 20. exf5 exf5 21. Qd1 Bf8 22. Nd5 Bxd5 23. Rxd5 {1-0 (48) Jimenez,J (2195)-Szmukler,R (2136) Buenos Aires 2004}) 18... Nxb3+ 19. axb3 exf5 20. Qf2 $1 b4 21. Nd5 Bxd5 22. Rxd5 Qc6 (22... fxe4 23. Rxh7 Bxg5 24. Bxg5 $18) 23. Rd4 d5 ({Don't go for} 23... fxe4 $2 24. Rxh7 $3 {[%mdl 512]} f5 25. Qh4 $18) (23... a5 $11 {remains equal.}) 24. exf5 $16 ({Of course not} 24. exd5 Qd7 $11) 24... Bc5 {[#]} (24... Rac8 $16) 25. Qh4 $1 {[%mdl 512]} h5 $1 $11 26. gxh6 Kh7 $1 27. fxg6+ fxg6 {...Rac8 is the strong threat.} 28. Qf2 Rf8 $1 {[%cal Rf8f2]} 29. Rf3 $1 {[%cal Rf3f7] Threatening mate with Rf7+.} Rxf3 30. Qxf3 $40 {[%mdl 128] White wants to mate with Qf7+. White has some attack.} Qe6 {White must now prevent ...Rf8.} 31. Rd3 Rf8 32. Qg3 Rf1+ 33. Kd2 Bd6 34. Qg2 Rf5 35. Kc1 Bf8 (35... Re5 $11 36. Qf3 Rf5) 36. Kb1 $16 Rh5 (36... Be7 $16) 37. Bd2 (37. Bg5 $1 $18 {is the precise move to win.}) 37... Qe5 (37... Rf5 $142) 38. Qf3 ({White should play} 38. Qf2 Bxh6 39. Bxb4) 38... Qf5 (38... Rf5 $16 39. Qg2 Bxh6) 39. Qe3 $2 (39. Qg3 $18 Qf1+ 40. Ka2) 39... Qf7 $2 (39... Qf1+ $1 $11 40. Be1 Bxh6 41. Qe7+ Bg7) 40. Qe2 ({Better is} 40. Qg1) 40... a5 (40... Rf5 $16 {was worth a try.}) 41. Rf3 $18 Rf5 {[#]} 42. Rxf5 $1 gxf5 43. Qa6 f4 44. Qd3+ ({Worse is} 44. Qxa5 f3 $11) 44... Kg8 {[#]} 45. h7+ $1 {[%mdl 512]} Qxh7 $2 (45... Kh8) 46. Qxd5+ Kh8 47. Bxf4 {Threatens to win with Be5+.} Qh3 $2 (47... Qg6 $18 48. Qxa5 Qe4 49. Qh5+ Kg8 50. Qg5+ Kf7) 48. Be5+ Bg7 49. Qd8+ Kh7 50. Qe7 {Precision: White = 43%, Black = 34%.} 1-0

[Event "Your Next Move GCT 2018-Blitz"]
[Site "Leuven"]
[Date "2018.06.16"]
[Round "15"]
[White "Mamedyarov, Shakhriyar"]
[Black "Caruana, Fabiano"]
[Result "1/2-1/2"]
[WhiteElo "2757"]
[BlackElo "2818"]
[Annotator "TA"]
[PlyCount "126"]
[EventDate "2018.06.16"]
[EventType "tourn"]
[EventCountry "BEL"]
[SourceTitle "playchess.com"]
[Source "ChessBase"]
[SourceQuality "1"]

{[%evp 16,126,-38,-52,12,-4,-4,-6,8,-8,4,-37,6,-29,-14,-33,0,-8,-9,-85,-51,-72,-37,-116,-71,-85,-93,-109,-94,-101,45,50,62,-86,0,-11,-25,0,-21,-83,-96,-131,-58,-59,0,-16,4,0,103,93,165,95,146,-12,-1,-5,0,0,1,-93,-84,-236,-239,-239,-239,-220,-231,-234,-202,-272,-293,-345,-345,-472,-463,-410,-397,-391,-147,-359,-133,-136,-130,-129,0,-8,-8,-8,1054,1102,6116,5808,5422,144,144,140,54,0,8,0,8,8,8,8,8,7,8,8,29977,0,0,0,0]} 1. d4 Nf6 2. c4 e6 3. Nc3 Bb4 4. Qc2 O-O 5. Nf3 c5 6. e3 b6 7. Bd3 {E38: Nimzo-Indian: Classical: 4...c5} Bb7 8. Bd2 cxd4 9. Nxd4 {LiveBook: 3 Games. Black is slightly better.} Nc6 (9... Bxg2 $15 10. Rg1 Bb7) 10. Nxc6 $11 Bxc6 11. a3 $146 ({Predecessor:} 11. e4 Qb8 12. h3 Bc5 13. O-O Qe5 14. Rae1 Rac8 15. Kh1 {0-1 (27) Aronian,L (2801)-Carlsen,M (2802) Moscow 2010}) 11... Be7 (11... Bxg2 $6 12. Rg1 $16) 12. e4 Qc7 13. f4 d6 14. O-O-O Rac8 15. Rhe1 Nd7 16. Kb1 Nc5 17. Be2 (17. Be3 $11) 17... Bf6 18. Bf3 $1 a6 19. g4 (19. Rc1 $15) 19... b5 20. cxb5 axb5 21. g5 Bd4 22. Ne2 e5 (22... Bf2 $17 23. Rf1 Qb7) 23. Bb4 $14 Ne6 $1 24. Bg4 (24. f5 $14 {stays ahead.} Nxg5 25. Nxd4 exd4 26. Bg2) 24... Bf2 (24... Bc5 $17) 25. Rf1 (25. Bxd6 Qb7 $17) 25... Qb7 (25... Bb7 $2 26. Qxc7 Bxe4+ 27. Ka2 $18) 26. Nc3 Bd4 27. Bxe6 (27. Bxd6 $2 Bxc3 28. Bf5 Nd4 $19) (27. Rfe1 $1 $11) 27... fxe6 $17 28. Qb3 Bxc3 ({Black should play} 28... Bxe4+ $17 29. Ka1 Bg2 30. Qxe6+ Qf7 31. Qxf7+ Rxf7 32. Nxb5 Bxf1 33. Rxf1 Be3 34. Nxd6 Rxf4) 29. Qxe6+ $15 Kh8 30. Bxc3 Bxe4+ (30... Rxf4 $6 31. Qxd6 Qb8 32. Qxb8 $16 (32. Qxe5 Bxe4+ 33. Ka2 Qxe5 $16) (32. Bxe5 Qxd6 33. Bxd6 Bxe4+ 34. Ka2 Rxf1 $16)) 31. Ka1 d5 ({Not} 31... Rxf4 $2 32. Rxf4 exf4 33. Rxd6 $18) (31... exf4 $11 32. Rxd6 Bf5) 32. fxe5 $16 ({Worse is} 32. Qxe5 b4 $1 $17 {[%mdl 512]}) 32... Bf3 (32... Rfe8 $16 33. Qd6 b4 34. Qxb4 Qxb4 35. Bxb4 Rxe5) 33. Bb4 (33. Rde1 $18) 33... Rfe8 (33... Bxd1 $142 34. Rxf8+ Rxf8 35. Bxf8 Bh5) 34. Qf5 $2 (34. Qxe8+ $1 $16 Rxe8 35. Rxf3) 34... Bxd1 $11 35. Rxd1 Qc6 36. h4 Qc4 37. g6 (37. e6 $11 {remains equal.}) 37... Qe4 38. Qxe4 $2 (38. Qd7 $17) 38... dxe4 $17 {[%mdl 4096] Endgame KRR-KRB} 39. Bd6 hxg6 40. Re1 Rc4 41. b3 Rd4 42. Kb2 Rc8 43. b4 Rd2+ 44. Kb3 Rd3+ 45. Kb2 Rc4 46. Bc5 Rd2+ $2 (46... e3 $19 {Hoping for ...Rd2+.} 47. Rxe3 Rxe3 48. Bxe3 Kg8) 47. Kb3 $2 (47. Kb1 $17) 47... Rdc2 $2 (47... Kg8 $1 $19 48. e6 Rd3+ 49. Kb2 e3 50. Rxe3 Rxe3 51. Bxe3 Rxh4) 48. Re3 Kg8 49. e6 Rc1 (49... Rd2 $17 {Threatens to win with ...Rd3+.} 50. e7 (50. a4 $2 Rd3+ 51. Rxd3 exd3 $19) 50... Kf7) 50. a4 bxa4+ 51. Kxa4 Rf1 $2 {[%mdl 8192]} (51... Rxc5 $11 52. bxc5 Rxc5) 52. Kb5 $18 Rcc1 53. Rxe4 Rce1 54. Be3 $2 (54. Rxe1 $1 $18 {is the precise move to win.} Rxe1 55. e7) 54... Kf8 $16 {[#]} 55. Kc6 $1 {[%cal Rc6d7] aiming for Kd7.} Ke8 56. Kd5 (56. Kd6 $1 $14) 56... Rf3 $132 {[%mdl 2048] Black is fighting back} 57. Bd4 Rxe4 58. Kxe4 $11 {KR-KB} Rh3 59. b5 {Kd5 is the strong threat.} Rxh4+ 60. Kd5 Rh1 61. b6 Rb1 $2 {[%mdl 8192] [#]} (61... Rd1 $11) 62. Kc6 $2 (62. Bc5 $1 {mates} g5 63. Kc6 Rb2 64. b7 Kd8 65. Bb6+ Ke7 66. b8=Q Rxb6+ 67. Qxb6) 62... Ke7 63. b7 {[#]} Rxb7 $1 {[%mdl 512] Precision: White = 30%, Black = 26%.} 1/2-1/2

[Event "Your Next Move GCT 2018-Blitz"]
[Site "Leuven"]
[Date "2018.06.16"]
[Round "16"]
[White "Nakamura, Hikaru"]
[Black "Mamedyarov, Shakhriyar"]
[Result "1-0"]
[WhiteElo "2878"]
[BlackElo "2757"]
[Annotator "TA"]
[PlyCount "75"]
[EventDate "2018.06.16"]
[EventType "tourn"]
[EventCountry "BEL"]
[SourceTitle "playchess.com"]
[Source "ChessBase"]
[SourceQuality "1"]

{[%evp 9,75,9,26,22,39,39,50,29,58,54,50,55,51,50,63,67,92,74,79,75,80,64,75,75,72,75,90,93,89,92,89,99,101,103,111,113,120,110,106,99,124,124,122,124,120,124,133,128,133,85,141,91,216,218,287,288,275,260,558,556,556,572,570,558,768,768,840,834]} 1. Nf3 Nf6 2. b3 g6 3. Bb2 Bg7 4. e3 O-O 5. d4 c5 6. dxc5 {A48: 1 d4 Nf6 2 Nf3 g6: Torre, London and Colle Systems} (6. d5 b5 7. Be2 Qa5+ 8. c3 Bb7 9. a4 Nxd5 10. axb5 Qb6 11. O-O a6 12. bxa6 Nxa6 13. Qc2 Nab4 {½-½ (84) Nakamura,H (2785)-Grischuk,A (2761) Paris 2017}) 6... Qa5+ 7. c3 Qxc5 8. Ba3 {White is slightly better.} Qb6 9. Bxe7 Re8 10. Bxf6 Bxf6 11. Be2 $146 ({Predecessor:} 11. Bc4 d5 12. Qxd5 Be6 13. Qb5 Nc6 {1-0 (32) Rajnak,D (2149)-Varga,L (2103) Slovakia 2017}) 11... Nc6 12. O-O a5 13. Nd4 d5 14. Na3 Bd7 15. Rc1 a4 {[#] Hoping for ...axb3.} 16. Nac2 axb3 17. axb3 Rec8 18. Bf3 Be6 19. Nxe6 fxe6 20. c4 Ne5 21. Nd4 {[%cal Bc2d4,Bd4f3,Bf3d2,Bd2f3][%mdl 32]} dxc4 22. bxc4 {Rb1 is the strong threat.} Nxf3+ 23. Nxf3 ({Of course not} 23. gxf3 $6 Ra5 $14) 23... Rc6 24. Rb1 Qc7 25. Qb3 b6 26. h3 Ra5 27. Rfd1 Rac5 28. Nd2 Be7 29. Ra1 Ra5 (29... Rd6 $142) 30. Ra4 Qe5 {[#]} (30... Rd6 $16 {keeps fighting.}) 31. Nf3 $1 $18 {[%cal Rf3e5]} Qc5 32. Rd7 Rc7 33. Rxa5 bxa5 $2 (33... Qxa5 {was necessary.} 34. Rxc7 Qa1+ 35. Kh2 (35. Ne1 Qxe1+ 36. Kh2 Bd6+ 37. f4 Bxc7 $11) 35... Bd6+ 36. g3 Bxc7) 34. Qb8+ {White is clearly winning.} Rc8 35. Qb7 Re8 36. Rc7 Qd6 {Threatens to win with ...Qd1+.} 37. c5 Qd8 38. Rd7 {Precision: White = 79%, Black = 58%.} 1-0

[Event "Your Next Move GCT 2018-Blitz"]
[Site "Leuven"]
[Date "2018.06.16"]
[Round "16"]
[White "Vachier-Lagrave, Maxime"]
[Black "Karjakin, Sergey"]
[Result "1-0"]
[WhiteElo "2837"]
[BlackElo "2816"]
[Annotator "TA"]
[PlyCount "101"]
[EventDate "2018.06.16"]
[EventType "tourn"]
[EventCountry "BEL"]
[SourceTitle "playchess.com"]
[Source "ChessBase"]
[SourceQuality "1"]

{[%evp 14,101,4,-2,12,12,12,8,8,11,6,7,8,8,15,22,18,11,16,2,22,22,83,0,0,0,0,0,0,0,11,11,24,23,25,16,19,6,23,0,26,21,50,35,35,18,42,19,31,6,0,4,42,41,52,40,49,45,81,81,64,31,31,29,43,30,42,20,42,12,53,0,15,0,0,0,0,0,0,-8,-8,-8,-8,-191,-21,-13,-8,-8,29981,29982]} 1. c4 Nf6 2. Nc3 e5 3. Nf3 Nc6 4. e3 Bb4 5. Qc2 Bxc3 6. Qxc3 Qe7 7. Be2 O-O 8. O-O {LiveBook: 12 Games. A28: English Opening: Four Knights Variation} (8. d4 exd4 9. Nxd4 Ne4 10. Qc2 Nxd4 11. exd4 d5 12. O-O Bf5 13. Qd1 dxc4 14. Bxc4 c6 15. f3 Nd6 16. Re1 Qf6 17. b3 Nxc4 18. bxc4 c5 19. Be3 cxd4 20. Bxd4 Qc6 {½-½ (20) Karapchanski,D (2534)-Scherer,R (2607) ICCF email 2010}) 8... e4 9. Nd4 Nxd4 $146 ({Predecessor:} 9... Ne5 10. f4 exf3 11. Nxf3 d6 12. d3 Bg4 13. Kh1 Rae8 14. e4 h6 15. b4 b6 {1-0 (40) Blahacek,E-Cecil,P Czechoslovakia 1984}) 10. Qxd4 {The position is equal.} c5 11. Qc3 d5 12. b3 Rd8 13. d4 exd3 14. Bxd3 Be6 15. Bb2 dxc4 16. bxc4 Rd7 17. Bc2 Rad8 {[#]} (17... a6 $11 {remains equal.}) 18. Rad1 (18. f4 $1 $16) 18... Rxd1 $11 19. Rxd1 Rxd1+ 20. Bxd1 Qd7 21. Be2 (21. Bb3 {seems wilder.} b6 22. h3 h6 23. e4 Ne8 24. Qc2) 21... Ne8 22. e4 f6 23. e5 fxe5 24. Qxe5 b6 25. h4 h6 26. Qb8 Kh7 27. Qf4 Nd6 28. g4 Kg8 29. Be5 Nf7 30. Bc3 Nd6 31. g5 hxg5 32. hxg5 Qe7 33. Bd3 Ne8 34. Qh4 Kf8 35. Be5 Bf7 36. Qf4 {Strongly threatening g6.} Kg8 37. Kh2 Qe6 38. Bf1 Qd7 39. Be2 Qe6 40. Kg3 Qd7 41. Kh4 Qe6 42. a4 ({Better is} 42. Bd3 $14) 42... Qd7 43. Qe4 Nd6 44. Bxd6 Qxd6 45. f4 Bg6 (45... g6 {looks sharper.} 46. Bd3 Qd7 47. Bc2 Kg7 48. Qe5+ Kg8) 46. Qd5+ Qxd5 47. cxd5 Kf7 {Threatens to win with ...Ke7.} 48. Bg4 $2 (48. Kg4 $11 {and White has nothing to worry.} Bc2 49. f5) 48... Be4 $2 ({Black should try} 48... Ke7 $19 {And now ...c4 would win.} 49. f5 Bf7) 49. d6 {[%cal Bd5d6,Bd6d7][%mdl 32]} c4 50. f5 c3 $2 {[%mdl 8192] [#]} (50... Bc6 $11) 51. d7 {Precision: White = 36%, Black = 44%.} 1-0